| 000 | 00574nam a2200193Ia 4500 | ||
|---|---|---|---|
| 008 | 191130s1997##################000#0#eng## | ||
| 020 | _a9780120398492 | ||
| 040 |
_aACL _cACL |
||
| 082 | _a579.272 MAR | ||
| 100 | _aMaramorosch, Karl | ||
| 245 |
_aAdvances in virus research _cKarl Maramorosch, Frederick A.Murphy |
||
| 260 |
_aAmsterdam ; Boston _bAmsterdam ; Boston _c1997 |
||
| 300 | _axvii, 211 p. illus. 24 cm | ||
| 650 | _aVirus Research | ||
| 700 | _aMurphy, Frederick. A | ||
| 990 | _a730291acac10000c68aa122778d1b9b4 | ||
| 991 | _a314385 | ||
| 999 |
_c243552 _d243552 |
||